Les « sœurs » de La Princesse de Clèves au XVIIIe siècle : exemple des héroïnes de Madame de Tencin
Analýza dvoch románov Madame de Tencin. Analýza zameraná na tri hlavné ženské postavy: Adélaïde, Eugénie a Pauline, ktoré pôsobia ako sestry princeznej de Clèves. Príspevok poukazuje, že napriek určitým podobnostiam nejde o „presné kópie“ a pani de Tencin uspela pri vytváraní zložitých a originálnyc...
Enregistré dans:
| Auteur principal: | |
|---|---|
| Format: | Chapitre de livre |
| Langue: | français |
| Sujets: | |
| Tags: |
Pas de tags, Soyez le premier à ajouter un tag!
|
MARC
| LEADER | 00000naa a2200000 4500 | ||
|---|---|---|---|
| 001 | 0272413 | ||
| 005 | 20240502083830.0 | ||
| 041 | 0 | |a fre | |
| 044 | |a CZ | ||
| 245 | 1 | 0 | |a Les « sœurs » de La Princesse de Clèves au XVIIIe siècle : exemple des héroïnes de Madame de Tencin |c Andrea Tureková |
| 520 | |a Analýza dvoch románov Madame de Tencin. Analýza zameraná na tri hlavné ženské postavy: Adélaïde, Eugénie a Pauline, ktoré pôsobia ako sestry princeznej de Clèves. Príspevok poukazuje, že napriek určitým podobnostiam nejde o „presné kópie“ a pani de Tencin uspela pri vytváraní zložitých a originálnych hrdiniek. | ||
| 610 | 2 | 0 | |a literatúra |
| 610 | 2 | 0 | |a história |
| 610 | 2 | 0 | |a Francúzsko |
| 100 | 1 | |a Tureková, Andrea, 1979- | |